Datum a čas kvízu

35 Celkem bodů Celkový počet nahraných bodů na tomto kvízu bez doplňovacích otázek.
6. Pořadí na kvízu Konečné umístění týmu na tomto kvízu.

Zaznamenané odpovědi

# Otázka Odpověď Body Výsledky
1. V pátek se dostala do prodeje... vlky 0
2. Jak se jmenuje politik, který... David Cameron 1
3. V indické nemocnici ve městě B... hrál na hudební nástroj (na klavír) 1
4. Který maloobchodní řetězec půs... Billa 1
5. Jeden bývalý český fotbalista... Petr Čech 1
6. Na začátek tématu a otázky si... druhým 1
7. Rozlohou druhé největší africk... Tanganika 0
8. Novinář Tomáš Poláček se před... 1B 2D 3A 4C 1
9. Jak se jmenuje počtem obyvatel... Lagos 1
10. Afrika se trhá, od zbytku se o... C 0